000
00291 a2200145 4500
001
167142
020
_a
040
_c
Magnum
100
_a
Certeau, Michel de
240
1
0
_a
A cultura no plural
_l
por
245
1
0
_a
A cultura no plural
362
0
_a
1899
697
_a
GERAL
942
_c
BK
999
_c
167142
_d
167142